1517 1657 1442 1350 1508 1266 1936 1579 1257 1530 1380 1282 1568 1034 1674 1540 1092 1906 1725 1702 1458 1817 1694 1181 1502 1527 1310 1225 1336 1860 1111 1201 1596 1738 1362 1553 1408 1213 1766 1052 1107 1150 1389 1295 1635 1736 1554 1951 1043 1470 1127 1225 1393 1639 1835 1427 1270 1359 1953 1385 1809 1334 1056 1513 1973 1506 1006 1637 1171 1559 1967 1948 1563 1897 1961 1103 1401 1132 1723 1558 1628 1796 1796 1034 1708 1972 1580 1912 1225 1660 1088 1955 1201 1948 1731 1619 1570 1994 1848 BCNSPRNW ULIB Ver.6.0+V

เปลี่ยนเป็นภาษาไทย

Change to English
 แสดงรายละเอียดบรรณานุกรม
  กลับหน้าหลัก

Brief Record : Get Marc (ISO 2709) : E-mail record : QR code < ปิดหน้าต่าง
LEADER : 00000nam 2200000uu 4500
001    13399109100
003     ULIB
008    110322s2552||||th 000 0 tha d
020    9789744140883
041 1  tha^heng
050  4 BF431^bซ712ค 2552
100 1  เซียร์ไบรอาคอฟฟ์, วิกเตอร์
245 10 คุณคืออัจฉริยะ! =^bHow intelligent are you? The universalIQ tests /^cVictor Serebriakoff ; ผู้แปล: ปฏิพล ตั้งจักรวรานนท์ ; ผู้เรียบเรียง: ธนิกานต์ มาฆะศิรานนท์
246 31 How intelligent are you? The universal IQ tests
250    พิมพ์ครั้งที่ 2
260    กรุงเทพฯ :^bบิสคิต,^c2552
300    159 หน้า :^bภาพประกอบ ;^c21 ซม.
650  7 เกม
650  7 คณิตศาสตร์นันทนาการ
650  7 ตรรกวิทยา
650  7 แบบทดสอบสติปัญญา
650  7 แบบทดสอบทางจิตวิทยา
650  7 ปริศนา
650  7 ปัญญา^xการทดสอบ
650  7 ระดับสติปัญญา^xการทดสอบ
700 0  ปฏิพล ตั้งจักรวรานนท์,^eผู้แปล
700 0  ธนิกานต์ มาฆะศิรานนท์,^eผู้แปล
700 12 Serebriakoff, Victor.^tHow intelligent are you? Theuniversal IQ tests
945    ^p200^l0^i029879
945    ^p200^l0^i029880
995    ทศพร
999 ^a ใช้งานได้ทุกระบบ
รายการนี้ยังไม่มีแท็ก
คุณยังไม่ได้ล็อกอิน คุณสามารถมีกิจกรรมร่วมกับเว็บไซต์ได้ แต่ต้องล็อกอินก่อน ::
  ล็อกอิน

รายการสื่อสารสนเทศ

ลำดับที่ ประเภท เลขเรียก/บาร์โค้ด สถานที่ สถานะ
- ไม่พบข้อมูล -

รายการใกล้เคียง
    ผู้แต่ง [เซียร์ไบรอาคอฟฟ์, วิกเตอร์]

    หัวเรื่อง [เกม]
    หัวเรื่อง [คณิตศาสตร์นันทนาการ]
    หัวเรื่อง [ตรรกวิทยา]
    หัวเรื่อง [แบบทดสอบสติปัญญา]
    หัวเรื่อง [แบบทดสอบทางจิตวิทยา]
    หัวเรื่อง [ปริศนา]

BibComment


ยังไม่เคยถูกคอมเมนท์

คอมเมนท์ทรัพยากรรายการนี้
  คอมเมนท์: คุณคืออัจฉริยะ H..


 Copyright 2026. Bcnsprnw @Library